1611 1869 1181 1184 1256 1665 1463 1464 1703 1097 1059 1292 1058 1171 1782 1914 1263 1978 1513 1147 1975 1443 1104 1583 1626 1766 1141 1655 1084 1512 1294 1259 1207 1001 1400 1489 1962 1812 1840 1874 1075 1150 1698 1415 1632 1648 1353 1484 1145 1281 1634 1919 1703 1662 1124 1007 1175 1415 1963 1655 1758 1521 1210 1672 1489 1901 1724 1718 1549 1970 1917 1874 1135 1965 1119 1693 1923 1989 1218 1489 1613 1830 1209 1764 1929 1432 1711 1937 1594 1944 1521 1591 1851 1578 1239 1777 1457 1188 1155 BCNSPRNW ULIB Ver.6.0+V

เปลี่ยนเป็นภาษาไทย

Change to English
 แสดงรายละเอียดบรรณานุกรม
  กลับหน้าหลัก

Brief Record : Get Marc (ISO 2709) : E-mail record : QR code < ปิดหน้าต่าง
LEADER : 00000nam 2200000uu 4500
001    13399113421
003     ULIB
008    111115s2546||||th 000 0 tha d
020    ^a9742295395(ล.1)
060 04 ^aW26^bว583 ล.1 2546
245 00 ^aวิทยาการวัสดุการแพทย์.^nเล่ม 1 /^cโดย มาลินี ประสิทธ์ศิลป์
250    ^aพิมพ์ครั้งที่ 1
260    ^aปทุมธานี :^bโปรแกรมวิจัยวัสดุและอุปกรณ์การแพทย์ศูนย์เทคโนโลยีโลหะและวัสดุแห่งชาติ,^c2546
300    ^a96 หน้า :^bภาพประกอบ ;^c21 ซม
650  7 ^aเครื่องมือแพทย์^vรวมเรื่อง
650  7 ^aเทคโนโลยีทางแพทย์^vรวมเรื่อง
650  7 ^aทันตวัสดุ^vรวมเรื่อง
650  7 ^aนาโนเทคโนโลยี
650  7 ^aเงิน (แร่)
653    ^aกระดูกเทียม
700 0  ^aมาลินี ประสิทธ์ศิลป์
700 0  ^aจินตมัย สุวรรณประทีป
700 0  ^aสิริพร โตนดแก้ว
710 2  ^aศูนย์เทคโนโลยีและวัสดุแห่งชาติ.^bโปรแกรมวิจัยและอุปกรณ์การแพทย์
945    ^p50^l0^i14203
945    ^p50^l0^i14204
995    ^aกัณชพร
999    ^aใช้งานได้ทุกระบบ
รายการนี้ยังไม่มีแท็ก
คุณยังไม่ได้ล็อกอิน คุณสามารถมีกิจกรรมร่วมกับเว็บไซต์ได้ แต่ต้องล็อกอินก่อน ::
  ล็อกอิน

รายการสื่อสารสนเทศ

ลำดับที่ ประเภท เลขเรียก/บาร์โค้ด สถานที่ สถานะ
- ไม่พบข้อมูล -

รายการใกล้เคียง
    หัวเรื่อง [นาโนเทคโนโลยี]
    หัวเรื่อง [เงิน (แร่)]

BibComment


ยังไม่เคยถูกคอมเมนท์

คอมเมนท์ทรัพยากรรายการนี้
  คอมเมนท์: วิทยาการวัสดุการ..


 Copyright 2026. Bcnsprnw @Library